| 000 | 00655nam a2200205 a 4500 | ||
|---|---|---|---|
| 001 | 000021987 | ||
| 005 | 20200930011531.0 | ||
| 008 | 100915s1968 sp r 000 0 spa d | ||
| 040 |
_aDO-SdBNP _bspa _cBNPHU |
||
| 082 |
_a927.750 _bG724Ó |
||
| 100 | 1 |
_aOlmo, D. del _925635 |
|
| 245 | 1 | 0 |
_aGoya / _cD. del Olmo. |
| 260 |
_aBarcelona : _bEditorial Ramón Sopena, _c1968. |
||
| 300 |
_a166, [8] p. ; _c18 cm. |
||
| 490 | 1 |
_aBiblioteca sopena _v89-9 |
|
| 650 | 4 |
_aGoya y lucientes, francisco de, _d1746-1828 _xBiografías _945578 |
|
| 650 | 4 |
_aPintores franceses _xBiografías _ySIGLO XIX _945579 |
|
| 830 | 0 |
_aBiblioteca sopena ; _v89-4 _912815 |
|
| 049 | _aBNGR | ||
| 999 |
_c21485 _d21485 |
||